000
00312nam a2200133Ia 4500
008
191201s2007 xx 000 0 und d
082
_a
658.45
_b
KAB
100
_a
Kaul, Asha
245
0
_a
Business Communication
260
_a
N.Delhi
_b
Prentice Hall
_c
2007
300
_a
125
650
_a
MBA
942
_2
ddc
_c
BK
_0
3
999
_c
3170
_d
3170